000 00764nab a2200241 u 4500
001 19190
003 HDC
007 cr bn ---aaaaa
008 210228c mydr|noo 0 a eng d
040 _aHDC
245 0 _aHalal industry needs to progress
260 _a[No place] :
_b[publisher not identified],,
_c2010
336 _atext
_2rdacontent
337 _acomputer
_2rdamedia
338 _aonline resource
_2rdacarrier
650 _ahalal food
_950
650 _aHalal industry
_9144
710 _aHalal Integrity
856 _zRequest full-text at [email protected]
942 _2lcc
942 _cNEWS
942 _kNWSO 008825
999 _c16506
_d16506